XI Quiz - Statistics

General Stats
  • This quiz has been taken 4 times
  • The average score is 3 of 5
Answer Stats
Hint Answer % Correct
Xi is the leader of this country China
100%
Translate XI from Latin numbers 6
75%
Alphabet that Xi is a part of Greek
75%
Its rank in that alphabet 14
50%
The last name of that leader Jingping
25%
No matching quizzes found
Score Distribution
Percent of People with Each Score
Percentile by Number Answered
Your Score History
You have not taken this quiz